书目信息 |
| 题名: |
桥梁结构仿真分析理论及其工程应用
|
|
| 作者: | 汪劲丰 , 吴光宇 著 | |
| 分册: | ||
| 出版信息: | 杭州 浙江大学出版社 2007.08 |
|
| 页数: | 240页 | |
| 开本: | 26cm | |
| 丛书名: | ||
| 单 册: | ||
| 中图分类: | U443 | |
| 科图分类: | ||
| 主题词: | 桥梁结构--qiao liang jie gou--系统仿真 | |
| 电子资源: | ||
| ISBN: | 978-7-308-05523-9 | |
| 000 | 01001nam0 2200253 450 | |
| 001 | 012008919969 | |
| 005 | 20080509103403.09 | |
| 010 | @a978-7-308-05523-9@dCNY35.00 | |
| 100 | @a20080509d2007 em y0chiy0120 ea | |
| 101 | 0 | @achi |
| 102 | @aCN@b330000 | |
| 105 | @aak a 000yy | |
| 106 | @ar | |
| 200 | 1 | @a桥梁结构仿真分析理论及其工程应用@Aqiao liang jie gou fang zhen fen xi li lun ji qi gong cheng ying yong@f汪劲丰, 吴光宇著@Fwang jin feng,wu guang yu zhu |
| 210 | @a杭州@c浙江大学出版社@d2007.08 | |
| 215 | @a240页@c图@d26cm | |
| 320 | @a有书目 | |
| 330 | @a本书以实体退化系列单元理论为基础,系统阐述了复杂桥梁结构仿真分析理论及其工程应用。分别对复杂桥梁结构的三维预应力效应、三维收缩徐变效应及非线性效应的分析方法进行论述,并对极限承载能力分析方法进行了专门论述。 | |
| 606 | 0 | @a桥梁结构@Aqiao liang jie gou@x系统仿真 |
| 690 | @aU443@v4 | |
| 701 | 0 | @a汪劲丰@Awang jin feng@4著 |
| 701 | 0 | @a吴光宇@Awu guang yu@4著 |
| 801 | 0 | @aCN@bQSSK@c20080509 |
| 905 | @b709150-52@dU443@eW061@f3 | |
| 桥梁结构仿真分析理论及其工程应用/汪劲丰, 吴光宇著.-杭州:浙江大学出版社,2007.08 |
| 240页:图;26cm |
| ISBN 978-7-308-05523-9:CNY35.00 |
| 本书以实体退化系列单元理论为基础,系统阐述了复杂桥梁结构仿真分析理论及其工程应用。分别对复杂桥梁结构的三维预应力效应、三维收缩徐变效应及非线性效应的分析方法进行论述,并对极限承载能力分析方法进行了专门论述。 |
| ● |
| 相关链接 |
|
|
|
正题名:桥梁结构仿真分析理论及其工程应用
索取号:U443/W061
 
预约/预借
| 序号 | 登录号 | 条形码 | 馆藏地/架位号 | 状态 | 备注 |
| 1 | 709150 | 207091500 | 自科库501/501自科库 54排1列4层/ [索取号:U443/W061] | 在馆 | |
| 2 | 709151 | 207091519 | 自科库501/501自科库 54排1列4层/ [索取号:U443/W061] | 在馆 | |
| 3 | 709152 | 207091528 | 自科库501/501自科库 54排1列4层/ [索取号:U443/W061] | 在馆 |